Index to the weird fiction magazines /

Bibliographic Details
Main Author: Cockcroft, Thomas G. L.
Format: Book
Language:English
Published: New York : Arno Press, 1975.
Series:Science fiction (Arno Press)
Subjects:

MARC

Tag First Indicator Second Indicator Subfields
LEADER 00000pam a2200000 a 4500
001 in00000082128
005 20151112150200.0
008 740924r19751962nyua i 00010 engm
010 |a  74015955  
020 |a 0405063229 
035 |a (OCoLC)01056733 
035 |9 AAJ3649AM 
040 |a DLC  |c DLC  |d TXA  |d UtOrBLW 
049 |a TXAS  |c [1422281] 
050 0 0 |a Z5917.F3  |b C63 1975 
082 0 |a 808.83/876/016 
100 1 |a Cockcroft, Thomas G. L. 
245 1 0 |a Index to the weird fiction magazines /  |c Thomas G.L. Cockcroft. 
264 1 |a New York :  |b Arno Press,  |c 1975. 
300 |a 100 pages :  |b illustrations ;  |c 24 cm. 
336 |a text  |b txt  |2 rdacontent 
337 |a unmediated  |b n  |2 rdamedia 
338 |a volume  |b nc  |2 rdacarrier 
490 1 |a Science fiction 
500 |a Volume 1 is the title index and volume 2, the author index. 
500 |a Reprint of the 1962 edition of the title index (i.e., volume 1) and of the 1964 edition of the author index (i.e., volume 2) published by T.G.L. Cockcroft, Lower Hutt, N.Z. 
500 |a Indexes: Weird tales; Strange stories; Strange tales; The Thrill book; Oriental stories; The Magic carpet magazine; Strange tales (English); Golden Fleece. 
650 0 |a Fantasy fiction  |v Periodicals  |x Indexes. 
830 0 |a Science fiction (Arno Press) 
948 |a updated  |b h  |c 2015/11/12  |d c  |e ljohnson  |f 3:00:15 pm 
999 |a MARS 
999 f f |s bf476a66-403b-32f5-b316-0eb1249a80c6  |i 0a1bc8a3-2586-3bb1-ac03-bb288259f0ca  |t 0 
952 f f |p noncirc  |a Texas A&M University  |b College Station  |c Cushing Memorial Library & Archives  |d Cushing: Reference (Does not check out)  |t 0  |e Z5917.F3 C63 1975  |h Library of Congress classification  |i unmediated -- volume  |m A14806069889 
998 f f |a Z5917.F3 C63 1975  |t 0  |l Cushing: Reference (Does not check out)